| 000 | 01200 a2200301 4500 | ||
|---|---|---|---|
| 001 | 41399 | ||
| 005 | 20260407155708.0 | ||
| 008 | 260407a2015 arg spa d | ||
| 003 | AR-UNSa-BCEJYS | ||
| 040 |
_aAR-UNSa-BCEJYS _bspa _cAR-UNSa-BCEJYS |
||
| 080 |
_a347.1/7(094.4) _xCódigo Civil y Comercial |
||
| 245 | 1 | 0 |
_aCódigo civil y comercial _pconcordado con el régimen derogado y referenciado con legislación vigente |
| 020 | _a978-987-706-049-2 | ||
| 250 | _a2a. reimp. | ||
| 264 | 1 |
_aBuenos Aires : _bAstrea _c2015 |
|
| 300 |
_axxiv, 780 p. _c23 cm. |
||
| 505 | _a1. Parte general - 2. Relaciones de familia - 3. Derechos personales - 4. Derecho reales - 5. Transmisión de derechos por causa de muerte - 6. Disposiciones comunes a los derechos personales y reales | ||
| 041 | _aspa | ||
| 942 | _cBK | ||
| 590 | _aniveau_biblio:m niveau_hierar:0 | ||
| 100 | 1 | _aArgentina (Código Civil y Comercial) | |
| 700 | 1 | _aZannoni, Eduardo A. | |
| 700 | 1 | _aMariani de Vidal, Marina | |
| 700 | 1 | _aZunino, Jorge Osvaldo | |
| 700 | 1 | _aShina, Fernando E. | |
| 700 | 1 | _aRamos, Gloria S. | |
| 856 | 4 | 1 |
_uhttps://biblioeco.unsa.edu.ar/pmb/images/libros/L126473.jpg _yImagen de portada _qimage/jpeg |
| 999 |
_c3497 _d3497 |
||